Statistics for Olympic Host Cities

Click here to take the quiz!

General Stats

  • This quiz has been taken 1,569 times
    (829 since last reset)
  • The average score is 44 of 57

Answer Stats

YearCity% Correct
1948London, United Kingdom
98%
2012London, United Kingdom
98%
1908London, United Kingdom
98%
2024Paris, France
98%
1924Paris, France
98%
1900Paris, France
98%
2020/21Tokyo, Japan
97%
1964Tokyo, Japan
97%
1896Athens, Greece
96%
2004Athens, Greece
96%
2022Beijing, China
96%
2008Beijing, China
96%
2016Rio de Janeiro, Brazil
95%
1936Berlin, Nazi Germany
93%
1932Los Angeles, United States
93%
1984Los Angeles, United States
93%
2028Los Angeles, United States
93%
2000Sydney, Australia
92%
1980Moscow, Soviet Union
91%
1992Barcelona, Spain
88%
1960Rome, Italy
86%
2010Vancouver, Canada
86%
1988Seoul, South Korea
85%
2014Sochi, Russia
85%
1912Stockholm, Sweden
85%
1996Atlanta, United States
84%
1952Helsinki, Finland
84%
1968Mexico City, Mexico
83%
1972Munich, West Germany
83%
1952Oslo, Norway
83%
1956Melbourne, Australia
79%
2002Salt Lake City, United States
79%
1976Montreal, Canada
78%
1928Amsterdam, Netherlands
75%
2026Milan–Cortina d’Ampezzo, Italy
75%
2006Turin, Italy
74%
2018PyeongChang, South Korea
69%
1904St. Louis, United States
69%
1988Calgary, Canada
66%
1980Lake Placid, United States
65%
1932Lake Placid, United States
65%
1994Lillehammer, Norway
64%
1920Antwerp, Belgium
63%
1984Sarajevo, Yugoslavia
63%
2032Brisbane, Australia
60%
1964Innsbruck, Austria
59%
1976Innsbruck, Austria
59%
1998Nagano, Japan
56%
1972Sapporo, Japan
54%
1948St. Moritz, Switzerland
53%
1928St. Moritz, Switzerland
53%
1924Chamonix, France
51%
1992Albertville, France
49%
1956Cortina d'Ampezzo, Italy
48%
1968Grenoble, France
47%
1936Garmisch-Partenkirchen, Nazi Germany
46%
1960Squaw Valley, United States
44%

Score Distribution

Percentile by Number Answered

Percent of People with Each Score

Your Score History

You have not taken this quiz since the last reset